dates clées de l'histoire de la préhistoire à l'antiquité - Statistiques

Statistiques générales
  • Ce quiz a été pris 11 fois
  • Le résultat moyen est 1 sur 6
Statistiques - réponses
Hint Réponse % Correct
-2,5M > -10 000 Le paléolithique
80%
-2,5M > -3500 La préhistoire
50%
-400 000 Maîtrise du feu
10%
-10 000 Apparition de l'agricultures
0%
-300 000 Apparition d'homo sapiens
0%
-3 500 Premières écritures en Mésopotamie
0%
Aucun quiz correspondant
Distribution des résultats
% des personnes avec chaque résultat
Percentile par nombre de réponses
Votre historique - résultats
Vous n’avez pas pris ce quiz